NLSUI OPAC header image

Globalisation of professional legal education : (Record no. 211290)

MARC details
000 -LEADER
fixed length control field 03351cam a2200325 i 4500
001 - CONTROL NUMBER
control field 22873205
003 - CONTROL NUMBER IDENTIFIER
control field DLC
005 - DATE AND TIME OF LATEST TRANSACTION
control field 20260609173241.0
007 - PHYSICAL DESCRIPTION FIXED FIELD--GENERAL INFORMATION
fixed length control field t|
008 - FIXED-LENGTH DATA ELEMENTS--GENERAL INFORMATION
fixed length control field 260224t20212021ii a b 101 0 eng
010 ## - LIBRARY OF CONGRESS CONTROL NUMBER
LC control number 2022337705
020 ## - INTERNATIONAL STANDARD BOOK NUMBER
International Standard Book Number 9789354350825 (hbk.)
025 ## - OVERSEAS ACQUISITION NUMBER
Overseas acquisition number I-E-2022337705; 95-01; 95-13
035 ## - SYSTEM CONTROL NUMBER
System control number (OCoLC)on1351473029
037 ## - SOURCE OF ACQUISITION
Source of stock number/acquisition Library of Congress -- New Delhi Overseas Office
040 ## - CATALOGING SOURCE
Original cataloging agency DLC
Language of cataloging eng
Description conventions rda
Transcribing agency DLC
Modifying agency DKAGE
-- OCLCO
-- IXA
-- OCLCO
-- IUL
-- OCLCO
-- IG#
-- CUY
-- GWL
-- OCLCO
-- DLC
-- DLC-MRC
-- DLC
-- DLC-MRC
-- DLC
042 ## - AUTHENTICATION CODE
Authentication code lcode
-- pcc
043 ## - GEOGRAPHIC AREA CODE
Geographic area code a-ii---
Authority record control number or standard number http://id.loc.gov/vocabulary/geographicAreas/a-ii
082 ## - DEWEY DECIMAL CLASSIFICATION NUMBER
Classification number 340.07 KHA
245 00 - TITLE STATEMENT
Title Globalisation of professional legal education :
Remainder of title constitutional conspectus /
Statement of responsibility, etc. Dr. Nuzhat Parveen Khan, Dr. Garima Tiwari.
264 #1 - PRODUCTION, PUBLICATION, DISTRIBUTION, MANUFACTURE, AND COPYRIGHT NOTICE
Place of production, publication, distribution, manufacture New Delhi :
Name of producer, publisher, distributor, manufacturer Bloomsbury Publishing India Pvt. Ltd.,
Date of production, publication, distribution, manufacture, or copyright notice 2021.
300 ## - PHYSICAL DESCRIPTION
Extent vi, 220 p. ;
Other physical details ill;
Dimensions 24 cm
505 0# - Contents
Contents Challenges and opportunities for legal education in India in a globalized world: leveraging NEP 2020 / Dr. Leena Chandran Wadia -- Emergent institutions / Stig Toft Madsen -- The use of comparative law in legal education: a bridge from medieval Bologna to 21st century / Dr. Soledad Atienza -- International collaborations: enhancing legal aid and legal education (practices and experiences of the public attorney's office in the Philippines) / Dr. Persida V. Rueda-Acosta -- Students' Perspective on globalization of legal education: a case study of Bowen University Law students / Dr. Afolasade A. Adewumi -- New Education Policy 2020 - internalization of Indian legal education system / Dr. Nuzhat Parveen Khan and Dr. Garima Tiwari -- Global legal education and NEP 2020: availability, accessibility and affordability / Dr. M. Sridhar Acharyulu -- The evolutionary facets of legal education: age of globalization and emerging technologies / Rishi Raj Bhardwaj and Sumedha Ganjoo -- New Education Policy thriving and heading towards universal legal edification / Dr. N. Vani Shree and Hrishika Suresh -- Decoding 'vernacular as the medium of instruction' in NEP 2020: an act of decolonization or promoting regionalism? / Dr. Chasul Phogat -- Paradigm shift of legal education in globalizing world vis-à-vis National Education Policy, 2020 / Neha Jain and Kartikeya Ashok -- Developing 'NextGen lawyers through clinical-based learning - a critical study / Dr. K. Sivananda Kumar and Charan Tej T.V. -- Role of clinical legal education plus in evolving legal landscape of India / Shubbam Gajanan Kawalkar and Ashish Saraswat -- From pedagogy of the oppressed to the classroom justice: developing cratological pedagogy with reference to legal education in India / Dr. Irfan Rasool Najar -- Affordability of the maritime legal education in India: a challenge for Indian academics and maritime field for coping with globalized professional legal education / Pratikalpa Sharma and Dr. Saira Gori -- Role of experiential legal education: pathway for access to justice / Deborisha Dutta and Dr. Unanza Gulzar.
650 #0 - SUBJECT ADDED ENTRY--TOPICAL TERM
Topical term or geographic name entry element Law
General subdivision Study and teaching
Geographic subdivision India
650 #0 - SUBJECT ADDED ENTRY--TOPICAL TERM
Topical term or geographic name entry element Education and globalization
Geographic subdivision India
700 1# - ADDED ENTRY--PERSONAL NAME
Personal name Khan, Nuzhat Parveen
906 ## - LOCAL DATA ELEMENT F, LDF (RLIN)
a 7
b cbc
c pccadap
d 2
e ncip
f 20
g y-gencatlg
942 ## - ADDED ENTRY ELEMENTS (KOHA)
Source of classification or shelving scheme Dewey Decimal Classification
Koha item type BOOKs
Holdings
Withdrawn status Lost status Source of classification or shelving scheme Materials specified (bound volume or other part) Damaged status Not for loan Home library Current library Shelving location Date acquired Source of acquisition Cost, normal purchase price Total Checkouts Full call number Barcode Date last seen Price effective from Koha item type
    Dewey Decimal Classification HB     NLS NLS General Stacks 30/04/2022 Gratis 999.00   340.07 KHA 38698 30/04/2022 30/04/2022 BOOKs